000 00730nam a2200193Ia 4500
008 151121s9999||||xx |||||||||||||| ||und||
082 _a832/पाण्डेय
082 _bHNW-18674
100 _aपाण्डेय पण्डित रूपनारायण
245 _aशाहजहाँ
260 _b"हिन्दी -ग्रंथ-रत्नाकर कार्यालय, बम्बई।"
260 _c--
300 _a135
600 _aपाण्डेय पण्डित रूपनारायण
630 _aशाहजहाँ
700 _aपाण्डेय पण्डित रूपनारायण
730 _aशाहजहाँ
942 _cBOOK
999 _c1220508
_d1220505